000 00489nam a22001571c 4500
001 a987682181
008 060725s1956 gw |||| 000u ger d
041 _ager
245 0 4 _aDer Reichsfreiherr vom und zum Stein und die westfälisch-lippische Selbstverwaltung
264 _aDortmund :
_bLambert Lensing,
_c1956
650 0 _aStein, Heinrich F. Reichsfreiherr vom und zum <1757-1831>
700 1 _aBach, Ernst
_eHerausgeberIn
942 _cMG
040 _cRU-10907106
003 RU-10907106
999 _c6002
_d6002